Implementácia HTML5 vo webových prehliadačoch

Na minha lista:
Detalhes bibliográficos
Autor principal: Zuštiak, Ján, 1988- (Author)
Outros Autores: Žáková, Katarína (Thesis advisor)
Formato: Manuscrito Livro
Idioma:eslovaco
Publicado em: Bratislava : STU v Bratislave FEI, 2010
Assuntos:
Acesso em linha:VAIS
Tags: Adicionar Tag
Sem tags, seja o primeiro a adicionar uma tag!

MARC

LEADER 00000ntm a22000003a 4500
001 stu209400
005 20211118130147.0
008 100818s2010------------------------slo-d
040 |a STU  |b slo 
041 0 |a slo 
100 1 |a Zuštiak, Ján,  |d 1988-  |4 aut  |u E  |T FEI Fakulta elektrotechniky a informatiky  |X 50878  |U E  |Y 30  |7 A000050878 
242 0 0 |a The implementation of HTML 5 in web browsers  |y eng 
245 1 |a Implementácia HTML5 vo webových prehliadačoch 
260 |a Bratislava :  |b STU v Bratislave FEI,  |c 2010 
650 7 |a Aplikovaná informatika  |2 stusub 
650 7 |a JavaScript  |2 estusub 
650 7 |a JavaScript  |2 estusub 
650 7 |a HTML  |2 stusub 
650 7 |a webovský prehliadač  |2 stusub 
700 1 |a Žáková, Katarína  |4 ths  |u E010  |T FEI Ústav riadenia a priemyselnej informatiky  |X 4948  |U E010  |Y E010  |7 A000004948 
856 4 |a info a plný text  |u http://is.stuba.sk/zp/portal_zp.pl?podrobnosti=50102  |3 VAIS